Culture Générale - Série 1708 - Statistiques

Statistiques générales
  • Ce quiz a été pris 108 fois
  • Le résultat moyen est 6 sur 10
Statistiques - réponses
Question Réponse % Correct
Qu'est-ce qui peut être "d'amour", "de reinette" ou "d'Adam" ? pomme
97%
De quelle spécialité italienne la Margherita et la Regina sont-elles des incontournables ? pizza
96%
Complétez cette expression : "Chercher une aiguille dans une botte de... foin
94%
De quelle ville des Côtes-d'Armor les Perrosiens sont-ils les habitants ? Perros-Guirec
61%
A quel architecte prénommé Charles doit-on l'Opéra Garnier ? Garnier
52%
Complétez le titre d'un roman de Pierre Loti : "Pêcheur... d'Islande
48%
Depuis 1978, sous quel pseudonyme connait-on mieux Judka Herpstu, l'humoriste à l'accent yiddish ? Popeck
48%
Au Moyen Age, le service militaire dû par un vassal à son suzerain s'appelait le service d' ... ost
42%
Par quel saint a été fondé le monastère de la Grande-Chartreuse, en 1084 ? Saint Bruno
20%
Dans quel opéra de Giuseppe Verdi, les Hébreux vivent-ils sur le pied de guerre avec Babylone ? Nabucco
18%
Aucun quiz correspondant
Distribution des résultats
% des personnes avec chaque résultat
Percentile par nombre de réponses
Votre historique - résultats
Vous n’avez pas pris ce quiz